书目信息 |
| 题名: |
资源型城市产业发展规划环境影响评价方法与实践
|
|
| 作者: | 李巍 , 刘艳菊 , 李天威 编著 | |
| 分册: | ||
| 出版信息: | 北京 化学工业出版社 2009.01 |
|
| 页数: | 236页 | |
| 开本: | 26cm | |
| 丛书名: | ||
| 单 册: | ||
| 中图分类: | X820.3 | |
| 科图分类: | ||
| 主题词: | 城市规划--cheng shi gui hua--环境影响--评价--研究--鄂尔多斯市 | |
| 电子资源: | ||
| ISBN: | 978-7-122-03839-5 | |
| 000 | 01142nam0 2200253 450 | |
| 001 | 012009388311 | |
| 005 | 20091026161404.76 | |
| 010 | @a978-7-122-03839-5@dCNY50.00 | |
| 100 | @a20091026d2009 em y0chiy0120 ea | |
| 101 | 0 | @achi |
| 102 | @aCN@b110000 | |
| 105 | @aab z 000yy | |
| 106 | @ar | |
| 200 | 1 | @a资源型城市产业发展规划环境影响评价方法与实践@Azi yuan xing cheng shi chan ye fa zhan gui hua huan jing ying xiang ping jia fang fa yu shi jian@f李巍, 刘艳菊, 李天威等编著@Fli wei,liu yan ju,li tian wei deng bian zhu |
| 210 | @a北京@c化学工业出版社@d2009.01 | |
| 215 | @a236页@c图, 地图@d26cm | |
| 330 | @a本书基于鄂尔多斯市主导产业与重点区域发展规划环境影响评价,通过对该市能源、化工等主导产业发展规划以及煤炭矿区、工业园区等重点区域发展规划集中开展环境影响评价工作,从战略高度和可持续发展角度系统分析和评价了相关规划与资源环境之间的协调性。 | |
| 606 | 0 | @a城市规划@Acheng shi gui hua@x环境影响@x评价@x研究@y鄂尔多斯市 |
| 690 | @aX820.3@v4 | |
| 701 | 0 | @a李巍@Ali wei@4编著 |
| 701 | 0 | @a刘艳菊@Aliu yan ju@4编著 |
| 701 | 0 | @a李天威@Ali tian wei@4编著 |
| 801 | 0 | @aCN@bQSSK@c20091026 |
| 905 | @b764470-72@dX820.3@eL283@f3 | |
| 资源型城市产业发展规划环境影响评价方法与实践/李巍, 刘艳菊, 李天威等编著.-北京:化学工业出版社,2009.01 |
| 236页:图, 地图;26cm |
| ISBN 978-7-122-03839-5:CNY50.00 |
| 本书基于鄂尔多斯市主导产业与重点区域发展规划环境影响评价,通过对该市能源、化工等主导产业发展规划以及煤炭矿区、工业园区等重点区域发展规划集中开展环境影响评价工作,从战略高度和可持续发展角度系统分析和评价了相关规划与资源环境之间的协调性。 |
| ● |
| 相关链接 |
|
|
|
正题名:资源型城市产业发展规划环境影响评价方法与
索取号:X820.3/L283
 
预约/预借
| 序号 | 登录号 | 条形码 | 馆藏地/架位号 | 状态 | 备注 |
| 1 | 764470 | 207644708 | 自科二线504/501自科库 113排1列2层/ [索取号:X820.3/L283] | 在馆 | |
| 2 | 764471 | 207644717 | 自科库501/501自科库 113排1列2层/ [索取号:X820.3/L283] | 在馆 | |
| 3 | 764472 | 207644726 | 自科库501/501自科库 113排1列2层/ [索取号:X820.3/L283] | 在馆 |